[Event "V Open Semana Santa Alicante 2021"]
[Site "Alicante"]
[Date "2021.04.04"]
[Round "8.7"]
[White "Camacho Collados, Marcos"]
[Black "Lopez Varela, Pablo"]
[Result "1-0"]
[WhiteElo "2400"]
[BlackElo "2209"]
[Annotator "TA"]
[PlyCount "95"]
[EventDate "2021.03.31"]
[EventType "swiss"]
[EventCountry "ESP"]
[SourceTitle "playchess.com"]
[Source "ChessBase"]
[SourceQuality "1"]

{[%evp 19,95,19,21,12,12,30,33,33,41,58,62,61,98,93,85,86,91,88,91,97,98,100,91,93,147,145,180,192,189,129,201,130,232,240,343,352,405,190,196,194,174,163,195,177,201,206,298,293,308,283,334,291,379,377,513,513,486,477,658,633,846,801,912,861,1019,855,1661,1481,1805,1649,1759,1634,2455,2229,29981,29982,29980,29979]} 1. Nf3 c5 2. e3 Nf6 3. b3 g6 4. Bb2 Bg7 5. c4 O-O 6. Be2 b6 7. O-O Bb7 8. d4 Ne4 9. Nbd2 d6 10. Nxe4 Bxe4 11. Qd2 {[#] E61: King's Indian: Early deviations for White, including Smyslov System.} e6 $146 ({Predecessor:} 11... Nd7 12. Rfd1 a5 13. Ng5 Bb7 14. Bf3 Bxf3 15. Nxf3 Qc7 16. a4 e6 17. dxc5 Nxc5 18. Bxg7 Kxg7 19. Qb2+ Kg8 {½-½ (92) Westerberg,J (2498)-Fernandez,D (2462) Vaxjo 2016}) 12. Rad1 Qe7 13. dxc5 {White is slightly better.} dxc5 14. Bxg7 Kxg7 15. Qd6 $1 {[%cal Rd6e7]} Nc6 16. Qxe7 Nxe7 17. Rd7 Rfe8 18. Ne5 Rad8 19. Rfd1 Rxd7 20. Rxd7 f6 {[#]} 21. Bf3 $1 Bxf3 ({Better is} 21... Bb1) 22. Nxf3 $16 {[%mdl 4096] Endgame KRN-KRN} Kf8 23. Rxa7 Rd8 {( -> ...Rd1+)} 24. g4 (24. Kf1 $18) 24... g5 (24... e5 $16 25. Rb7 e4) 25. Rb7 Rd1+ (25... e5 $16) 26. Kg2 $18 e5 (26... Rd6 {was worth a try.} 27. Kf1 h6) 27. Rxb6 e4 28. Rxf6+ (28. Ng1 $142) 28... Kg7 29. Rb6 ({Worse is} 29. Nxg5 Kxf6 30. Nxe4+ Ke5 $11) 29... exf3+ 30. Kxf3 {KRN-KR} Kf7 31. Rb5 Ra1 32. Rxc5 Rxa2 (32... h6 {was necessary.} 33. a4 Ke6) 33. Rxg5 Rb2 34. Rb5 Ke6 35. Kg3 Kd6 36. h4 Kc6 37. Rh5 Rxb3 {and the idea ...Rb7 leaves Black hopeful.} 38. Rxh7 Kd7 39. h5 Rb1 40. h6 Ke6 41. f4 Rc1 42. f5+ Kd6 43. Rh8 Rg1+ 44. Kf4 Rh1 45. h7 Nc6 46. g5 Ne5 47. c5+ Kd5 48. Rd8+ {Weighted Error Value: White=0.14/Black=0.73} 1-0

[Event "V Open Semana Santa Alicante 2021"]
[Site "Alicante"]
[Date "2021.04.04"]
[Round "8.8"]
[White "Granero Roca, Antonio"]
[Black "Aguilera Lopez, Alejandro"]
[Result "1-0"]
[WhiteElo "2374"]
[BlackElo "2226"]
[Annotator "TA"]
[PlyCount "121"]
[EventDate "2021.03.31"]
[EventType "swiss"]
[EventCountry "ESP"]
[SourceTitle "playchess.com"]
[Source "ChessBase"]
[SourceQuality "1"]

{[%evp 15,121,16,59,37,68,62,73,54,85,64,84,83,83,86,87,48,48,43,43,22,38,41,77,77,102,35,45,31,36,27,55,58,40,48,280,273,409,411,422,107,79,0,0,0,0,0,147,154,155,154,203,135,124,131,129,125,109,33,33,36,37,54,54,12,16,20,29,8,36,36,80,40,375,361,261,250,1590,1285,1672,1371,1580,1606,1660,1641,1541,1504,1435,1386,1188,1154,1087,957,29949,5712,5720,5343,29971,29972,29969,6205,29972,29972,29971,29963,29985,29985,29984,29982]} 1. Nf3 e6 2. d4 Nf6 3. c4 b6 4. g3 Bb7 5. Bg2 Bb4+ 6. Bd2 Be7 7. O-O O-O 8. Nc3 d6 9. Qc2 {E16: Queen's Indian: 4 g3 Bb7 5 Bg2 Bb4+.} Nbd7 10. e4 e5 11. d5 {White is better.} Nh5 12. Ne1 g6 13. Bh6 Re8 {[#]} 14. Qd2 $146 ({Predecessor:} 14. f4 Bf6 15. Rd1 Re7 16. f5 Bg7 17. Bc1 Ndf6 18. Bh3 gxf5 19. Bxf5 Nd7 20. Qg2 Nf8 21. Qh3 {1-0 (28) Mueller,K-Stein,G Soemmerda 1950}) 14... Bf8 15. Bxf8 (15. Bg5 {keeps more tension.} Be7 16. Be3 Nc5 17. b4 Nd7 18. a3) 15... Rxf8 16. Bh3 Bc8 17. Ng2 Ng7 18. Rae1 f5 19. exf5 Nxf5 20. Bxf5 (20. f4 $1 $16) 20... Rxf5 $14 21. f3 a5 22. b3 Nc5 23. f4 exf4 24. Nxf4 Qf8 $2 (24... Re5 $14) 25. Nb5 $1 $18 Rf7 {[#]} (25... Bd7 $142 26. Nxc7 Rc8) 26. Nxc7 $1 {[%mdl 512]} Rxc7 {[#]} 27. Ne6 $2 (27. Nxg6 $1 $18 {[%mdl 512] and the rest is easy.} Qxf1+ 28. Rxf1) 27... Nxe6 $16 28. dxe6 (28. Rxf8+ $16 Nxf8 29. Re8) 28... Qe8 $1 $11 {Hoping for ...Re7.} 29. e7 $1 Rxe7 {And now ...Bh3 would win.} 30. Qd5+ Be6 {[#]} (30... Kg7 $1 $11 {remains equal.} 31. Rxe7+ Qxe7 32. Qxa8 Bb7) 31. Rxe6 $1 $16 {[%mdl 512]} Rxe6 32. Rf6 $1 {[%cal Rf6e6]} Qc8 33. Rxe6 Qc5+ 34. Qxc5 bxc5 35. Rxd6 {[%mdl 4096] Endgame KR-KR} a4 36. Rc6 ({White should play} 36. Kg2 $16) 36... axb3 $14 37. axb3 Rb8 38. Rxc5 {Threatens to win with Rb5.} Rxb3 39. Rc7 Rb1+ 40. Kg2 {Threatening Kf3.} Rb2+ 41. Kh3 Rc2 42. c5 Rc4 43. c6 {aiming for Rc8+.} Rc2 $2 {[%mdl 8192] White stays focused until the end.} (43... Kf8 $14) 44. Kg4 $18 Rc5 45. Kf4 Rf5+ $2 (45... Kf8 46. Ke4 (46. Rxh7 Rxc6 47. Kg5 Kg8 $16) 46... Ke8) 46. Ke4 Rc5 47. Kd4 Rc2 48. Kd5 Rd2+ 49. Ke6 Re2+ 50. Kf6 {White wants to mate with Rc8+.} Rf2+ 51. Ke7 Re2+ 52. Kd8 Rc2 53. Ke8 Rc3 54. Rc8 Kg7 55. Kd7 Rc2 56. Rb8 Rd2+ 57. Kc8 Rxh2 58. c7 {White mates.} Kf6 59. Rb6+ Kf5 60. Kd7 Rd2+ 61. Rd6 {Weighted Error Value: White=0.23/Black=0.81} 1-0

[Event "V Open Semana Santa Alicante 2021"]
[Site "Alicante"]
[Date "2021.04.04"]
[Round "8.9"]
[White "Motos Abellan, Daniel"]
[Black "Campos Gambuti, Luis Maria"]
[Result "0-1"]
[WhiteElo "2166"]
[BlackElo "2370"]
[Annotator "NA RC"]
[PlyCount "164"]
[EventDate "2021.03.31"]
[EventType "swiss"]
[EventCountry "ESP"]
[SourceTitle "playchess.com"]
[Source "ChessBase"]
[SourceQuality "1"]
[TimeControl "5400+30"]

1. e4 {[%emt 0:00:12]} c5 {[%emt 0:00:00]} 2. c4 {[%emt 0:00:16]} Nc6 {[%emt 0:00:25]} 3. Nc3 {[%emt 0:00:06]} g6 {[%emt 0:00:34]} 4. g3 {[%emt 0:00:06]} Bg7 {[%emt 0:00:11]} 5. Bg2 {[%emt 0:00:05]} a6 {[%emt 0:00:28]} 6. Nge2 {[%emt 0:00:09]} d6 {[%emt 0:01:34]} 7. O-O {[%emt 0:01:30]} Bg4 {[%emt 0:01:58]} 8. f3 {[%emt 0:02:03]} Bd7 {[%emt 0:00:22]} 9. d3 {[%emt 0:00:07]} Rb8 {[%emt 0:01:26]} 10. Be3 {[%emt 0:01:31]} Nd4 {[%emt 0:01:35]} 11. a4 {[%emt 0:01:32]} e6 {[%emt 0:00:25]} 12. Rb1 {[%emt 0:00:13]} Qb6 {[%emt 0:07:16]} 13. Qd2 {[%emt 0:03:23]} Ne7 {[%emt 0:00:25]} 14. Bh6 $11 {[%emt 0:00:57]} Nb3 {[%emt 0:13:14]} 15. Qg5 {[%emt 0:02:30]} f6 {[%emt 0:01:05]} 16. Qe3 {[%emt 0:00:02]} O-O {[%emt 0:01:26]} 17. Bxg7 {[%emt 0:02:55]} Kxg7 {[%emt 0:00:03]} 18. Bh3 {[%emt 0:07:51]} Nc6 {[%emt 0:01:44]} 19. f4 {[%emt 0:04:16]} Rbe8 {[%emt 0:01:30]} 20. g4 {[%emt 0:03:54]} f5 {[%emt 0:05:29]} 21. gxf5 {[%emt 0:00:19]} exf5 {[%emt 0:00:56]} 22. Nd5 {[%emt 0:00:27]} Qd8 {[%emt 0:00:26]} 23. Nec3 {[%emt 0:04:25]} Ncd4 {[%emt 0:05:09]} 24. Rf2 {[%emt 0:05:50]} Bc6 {[%emt 0:03:57]} 25. Re1 {[%emt 0:03:54]} Kh8 {[%emt 0:04:40]} 26. Bg2 {[%emt 0:00:44]} b5 {[%emt 0:09:48]} 27. axb5 {[%emt 0:02:32]} axb5 {[%emt 0:00:01]} 28. cxb5 {[%emt 0:11:14]} Nxb5 {[%emt 0:00:18]} 29. Nxb5 {[%emt 0:01:04]} Bxd5 {[%emt 0:00:52]} 30. e5 {[%emt 0:02:42]} Bxg2 {[%emt 0:01:51]} 31. Rxg2 {[%emt 0:04:17]} dxe5 {[%emt 0:03:22]} 32. fxe5 {[%emt 0:00:02]} Nd4 {[%emt 0:00:14]} 33. Nxd4 {[%emt 0:02:46]} cxd4 {[%emt 0:00:08]} 34. Qh6 {[%emt 0:01:00]} Re6 {[%emt 0:00:27]} 35. h4 {[%emt 0:04:09]} Rfe8 {[%emt 0:01:20]} 36. h5 {[%emt 0:01:29]} Qh4 {[%emt 0:00:36]} 37. Kf1 {[%emt 0:04:09]} Rc8 {[%emt 0:06:22]} 38. Qg5 {[%emt 0:13:45]} Qxg5 {[%emt 0:08:35]} 39. Rxg5 {[%emt 0:00:08]} Kg7 {[%emt 0:00:02]} 40. Rg2 {[%emt 0:01:16]} Rc5 {[%emt 0:00:09]} 41. hxg6 {[%emt 0:02:09]} hxg6 {[%emt 0:00:05]} 42. Rge2 {[%emt 0:00:47]} Rb5 {[%emt 0:00:43]} 43. Kf2 {[%emt 0:00:25]} Rb3 {[%emt 0:00:02]} 44. Rd2 {[%emt 0:00:30]} g5 {[%emt 0:02:20]} 45. Kg3 {[%emt 0:00:13]} Kf7 {[%emt 0:00:24]} 46. Kf3 {[%emt 0:00:12]} Reb6 {[%emt 0:00:06]} 47. Rg1 {[%emt 0:01:10]} Rg6 {[%emt 0:01:28]} 48. Ra1 {[%emt 0:00:20]} Re6 {[%emt 0:01:09]} 49. Ra4 {[%emt 0:00:35]} Rxe5 {[%emt 0:01:49]} 50. Rxd4 {[%emt 0:00:02]} Reb5 {[%emt 0:01:10]} 51. Rc2 {[%emt 0:01:04]} Rb6 {[%emt 0:01:29]} 52. Rd5 {[%emt 0:00:39]} Kg6 {[%emt 0:01:15]} 53. Rcc5 {[%emt 0:00:24]} Rf6 {[%emt 0:00:31]} 54. Rc2 {[%emt 0:01:03]} Rb4 {[%emt 0:00:18]} 55. Rd8 {[%emt 0:00:42]} g4+ {[%emt 0:00:13]} 56. Kg3 {[%emt 0:00:14]} Kg5 {[%emt 0:00:33]} 57. Rg8+ {[%emt 0:01:31]} Rg6 {[%emt 0:00:01]} 58. Rxg6+ {[%emt 0:01:04]} Kxg6 {[%emt 0:00:01]} 59. Kh4 {[%emt 0:00:17]} Rf4 {[%emt 0:00:27]} 60. Rc6+ {[%emt 0:01:49]} Kf7 {[%emt 0:00:01]} 61. Kg3 {[%emt 0:02:27]} Rf3+ {[%emt 0:00:12]} 62. Kg2 {[%emt 0:00:03]} Rxd3 {[%emt 0:00:10]} 63. b4 {[%emt 0:00:17]} Rb3 {[%emt 0:00:24]} 64. Rc5 {[%emt 0:01:46]} Kf6 {[%emt 0:00:12]} 65. b5 {[%emt 0:00:05]} Kg5 {[%emt 0:00:17]} 66. Kf2 {[%emt 0:00:24]} Kf4 {[%emt 0:00:19]} 67. Rc4+ {[%emt 0:00:05]} Ke5 {[%emt 0:00:04]} 68. Rc5+ {[%emt 0:00:05]} Ke4 {[%emt 0:00:09]} 69. Rc4+ {[%emt 0:00:07]} Kd5 {[%emt 0:00:07]} 70. Rc8 {[%emt 0:01:21]} Rxb5 {[%emt 0:00:02]} 71. Re8 {[%emt 0:00:18]} Rb3 {[%emt 0:00:39]} 72. Kg2 {[%emt 0:00:16]} f4 {[%emt 0:00:45]} 73. Rd8+ {[%emt 0:00:20]} Ke4 {[%emt 0:03:13]} 74. Re8+ {[%emt 0:00:05]} Kd3 {[%emt 0:00:07]} 75. Kf2 {[%emt 0:01:47]} Rb2+ {[%emt 0:00:12]} 76. Kf1 {[%emt 0:00:09]} g3 {[%emt 0:00:12]} 77. Ra8 {[%emt 0:00:51]} f3 {[%emt 0:00:51]} 78. Rd8+ {[%emt 0:00:53]} Ke4 {[%emt 0:00:07]} 79. Re8+ {[%emt 0:00:20]} Kd5 {[%emt 0:00:01]} 80. Rd8+ {[%emt 0:00:12]} Ke6 {[%emt 0:00:02]} 81. Rd1 {[%emt 0:00:33]} Rh2 {[%emt 0:00:13]} 82. Kg1 {[%emt 0:01:43]} f2+ {[%emt 0:00:12]} 0-1

[Event "V Open Semana Santa Alicante 2021"]
[Site "Alicante"]
[Date "2021.04.04"]
[Round "8.10"]
[White "Ibanez Aullana, Ramon"]
[Black "Rottenwohrer Suarez, Juan"]
[Result "1/2-1/2"]
[WhiteElo "2276"]
[BlackElo "2203"]
[Annotator "TA"]
[PlyCount "134"]
[EventDate "2021.03.31"]
[EventType "swiss"]
[EventCountry "ESP"]
[SourceTitle "playchess.com"]
[Source "ChessBase"]
[SourceQuality "1"]

{[%evp 10,134,46,39,47,30,33,30,25,19,18,17,21,19,31,42,48,16,48,5,6,13,74,61,214,58,194,175,190,174,178,180,161,0,191,53,75,-18,-8,-20,-17,-87,-78,-100,0,-6,5,0,0,0,0,-108,43,20,254,34,27,22,22,8,8,10,20,0,8,0,0,0,14,0,70,61,104,1,55,50,50,54,65,68,97,80,349,0,0,0,0,0,0,0,0,0,0,0,0,0,0,0,0,0,0,0,0,0,0,0,0,0,0,0,0,0,0,0,0,0,0,0,0,0,0,0,0,0,0,0,0]} 1. d4 Nf6 2. c4 g6 3. Nc3 Bg7 4. e4 d6 5. Be2 O-O 6. Be3 Na6 {6...Nc6 gains popularity. E73: King's Indian: Averbakh Variation without 6...c5.} 7. h4 h5 8. f3 c5 {White has an edge.} 9. d5 Nc7 10. Qd2 a6 {[#]} 11. a4 $146 ({Predecessor:} 11. Nh3 Rb8 12. O-O-O b5 13. b3 bxc4 14. Bxc4 Nb5 15. Nb1 Bd7 16. a4 Nd4 17. Bxd4 cxd4 18. Qxd4 {0-1 (30) Narr,K (2035)-Carstens,A (2248) Reutlingen 2017}) 11... b6 12. Bh6 Rb8 13. g4 e6 (13... hxg4 $6 14. h5 $16) 14. Bg5 exd5 15. cxd5 hxg4 (15... Qd7 $11) 16. h5 $1 $16 {[%cal Rh5h6]} Qe8 $2 (16... gxh5 $14 17. Rxh5 b5) 17. Bh6 $2 (17. h6 $18 Bh8 18. Bf4) 17... b5 (17... Nxh5 $2 18. fxg4 Nxd5 19. Bxg7 $18 (19. gxh5 Bxc3 20. bxc3 Qxe4 $18) (19. exd5 Bxg4 20. O-O-O Bxe2 $16) (19. Nxd5 Qxe4 20. Bxg7 Kxg7 $18) (19. Qxd5 Bxh6 20. gxh5 Bb7 $18)) (17... gxf3 $14 18. Bxg7 Kxg7 19. Nxf3 Nxe4 20. Nxe4 Qxe4) 18. hxg6 $1 $18 fxg6 19. Bxg7 Kxg7 20. Qh6+ Kf7 21. axb5 (21. fxg4 $1 $18 {Strongly threatening g5.} Bxg4 22. Bxg4) 21... axb5 $2 (21... Nxb5 $11 22. Bxb5 Rxb5) 22. Qf4 (22. fxg4 $1 $18 Ke7 23. e5 (23. g5 Ng4 $11) 23... dxe5 24. Qg5) 22... Ke7 $14 23. Ra7 (23. e5 $16 dxe5 24. Qg5 (24. Qxe5+ Kd7 $15)) 23... Rb7 $11 24. Rxb7 Bxb7 25. fxg4 (25. Rh6 $11 {keeps the balance.}) 25... b4 $17 26. Nb1 {[%cal Bc3b1,Bb1d2,Bd2c4][%mdl 32]} Rh8 ({Black should play} 26... Rf7 $17 27. Nd2 Nfxd5 28. Qg5+ {[%mdl 64] Double Attack} Nf6) 27. Nh3 Qf8 28. Qg5 Qg7 29. Nd2 Kd7 {[%cal Rf6d5]} 30. Rf1 Nh7 $2 ({Wrong is} 30... Rxh3 $2 31. Rxf6 Rh1+ 32. Nf1 $18) (30... Nfxd5 $1 $17 {And now ...Ne6 would win.} 31. exd5 Rxh3) 31. Qh4 Nf8 $2 {[#]} (31... Ra8 $11 {and Black is okay.}) 32. Rf7+ $3 {[%mdl 512]} Qxf7 $14 33. Qxh8 Ke7 34. Nc4 {Black must now prevent e5.} Qh7 35. Qxh7+ Nxh7 36. Kd2 Ba6 37. Na5 Bxe2 38. Kxe2 $11 {[%mdl 4096] Endgame KNN-KNN} Nf6 39. Nf2 Nb5 (39... Nd7 $11) 40. Nc6+ $14 Kd7 41. Kd3 (41. g5 $16 Nh7 42. Nh3) 41... Nh7 (41... g5 $11) 42. Kc4 Nc7 43. e5 Ng5 44. Nb8+ Ke7 {[#]} 45. b3 $1 Nf3 $2 {[%mdl 8192]} (45... Ne8 $16 {was necessary.}) 46. exd6+ $2 ({Only move:} 46. Nc6+ $18 Kd7 47. Ne4) 46... Kxd6 $11 {[%cal Rf3e5] The position is equal.} 47. Ne4+ {[%mdl 64] Double Attack} Ke5 48. d6 Ne6 49. Nxc5 Kxd6 50. Nxe6 Kxe6 {KN-KN} 51. Nc6 Nh2 52. g5 Nf3 53. Nd4+ Nxd4 54. Kxd4 {KPP-KPP} Kf5 55. Kc4 Kxg5 56. Kxb4 {KP-KP} Kh4 {...g5 is the strong threat.} 57. Kc4 g5 {Threatens to win with ...g4.} 58. b4 g4 59. b5 g3 60. b6 g2 61. b7 g1=Q {( -> ...Qb6)} 62. b8=Q Qc1+ 63. Kd3 Qd1+ 64. Kc3 Qf3+ 65. Kd2 Qg2+ 66. Ke3 Qg3+ 67. Qxg3+ Kxg3 {Weighted Error Value: White=0.40/Black=0.49} 1/2-1/2

[Event "V Open Semana Santa Alicante 2021"]
[Site "Alicante"]
[Date "2021.04.04"]
[Round "9.1"]
[White "Cuenca Jimenez, Jose Fernando"]
[Black "Santos Ruiz, Miguel"]
[Result "1/2-1/2"]
[WhiteElo "2506"]
[BlackElo "2592"]
[Annotator "TA"]
[PlyCount "36"]
[EventDate "2021.03.31"]
[EventType "swiss"]
[EventCountry "ESP"]
[SourceTitle "playchess.com"]
[Source "ChessBase"]
[SourceQuality "1"]

{[%evp 9,36,24,24,24,20,20,21,18,23,23,13,20,19,25,24,17,16,26,23,18,19,18,20,25,19,0,0,0,0]} 1. c4 e5 2. Nc3 Bb4 3. Nd5 Be7 4. d4 exd4 5. Qxd4 Nf6 6. Nxe7 {A21: English Opening: 1...e5 2 Nc3.} Qxe7 7. Bg5 Nc6 8. Qc3 Ne5 9. Nf3 d6 10. Nxe5 Qxe5 11. Qxe5+ dxe5 12. g3 {[#]} Ne4 $146 ({Predecessor:} 12... Be6 13. b3 Ne4 14. Be3 O-O-O 15. Bg2 f5 16. f3 Nf6 17. Bd2 e4 18. O-O-O Rhf8 {1-0 (34) Nepomniachtchi,I (2774)-Anand,V (2756) Amsterdam 2019}) 13. Be3 Nd6 14. b3 b6 15. Bg2 Bb7 16. Bxb7 Nxb7 17. O-O-O Ke7 18. Rd3 f6 {An uneventful encounter.  Weighted Error Value: White=0.02/Black=0.01} 1/2-1/2

[Event "V Open Semana Santa Alicante 2021"]
[Site "Alicante"]
[Date "2021.04.04"]
[Round "9.2"]
[White "Yuffa, Daniil"]
[Black "Narciso Dublan, Marc"]
[Result "1/2-1/2"]
[WhiteElo "2584"]
[BlackElo "2521"]
[Annotator "TA"]
[PlyCount "62"]
[EventDate "2021.03.31"]
[EventType "swiss"]
[EventCountry "ESP"]
[SourceTitle "playchess.com"]
[Source "ChessBase"]
[SourceQuality "1"]

{[%evp 9,62,23,25,27,17,8,0,-7,-7,-41,-55,-50,-47,-48,-37,-42,-48,-41,-22,-31,-32,-37,-25,-32,-16,-23,10,0,0,0,11,8,28,10,77,7,8,0,13,14,27,0,0,0,0,0,0,0,0,0,14,0,41,31,81]} 1. d4 e6 2. c4 f5 3. Nf3 Nf6 4. g3 d5 5. Bg2 Bd6 6. Nbd2 {A90: Dutch Defence: Miscellaneous and Modern Stonewall (with ...Bd6).} O-O 7. c5 Be7 {[#]} 8. b4 $146 {The position is equal.} ({Predecessor:} 8. Ne5 Nbd7 9. Nxd7 Bxd7 10. Nf3 Be8 11. O-O Bh5 12. Ne5 c6 13. b4 Nd7 14. Nxd7 Qxd7 {0-1 (27) Arun,S (2055)-Baskin,R (2390) chess.com INT 2020}) 8... b6 9. Rb1 a5 10. a3 axb4 11. axb4 Bd7 12. Ne5 Ba4 13. Nb3 Nc6 (13... Bb5 {is more complex.} 14. O-O Ra4 15. Bd2 Qe8 16. Qe1 Nfd7) 14. Nxc6 $1 Bxc6 15. Bf4 Bb5 16. O-O Nd7 17. Re1 Bg5 18. e3 Be7 19. Bf1 Bxf1 20. Rxf1 bxc5 21. bxc5 (21. dxc5 {seems wilder.} Re8 22. Nd4 Bf6 23. h4 Qe7 24. Nb5) 21... Nb8 (21... g5 $11 {remains equal.} 22. Be5 Nxe5 23. dxe5 Qe8) 22. Ra1 (22. h4 $16) 22... Rxa1 $11 23. Qxa1 {White wants to play Qa7.} g5 $1 {[%cal Rg5f4]} 24. Be5 Nc6 $1 25. Qa6 Qd7 26. Rc1 Kf7 27. Qd3 Rb8 28. Qd1 Kg6 29. Ra1 Qc8 30. h3 Rb5 31. g4 Qb7 {Weighted Error Value: White=0.09/Black=0.09} 1/2-1/2

[Event "V Open Semana Santa Alicante 2021"]
[Site "Alicante"]
[Date "2021.04.04"]
[Round "9.3"]
[White "Del Rio De Angelis, Salvador G."]
[Black "Serarols Mabras, Bernat"]
[Result "1/2-1/2"]
[WhiteElo "2510"]
[BlackElo "2358"]
[Annotator "TA"]
[PlyCount "38"]
[EventDate "2021.03.31"]
[EventType "swiss"]
[EventCountry "ESP"]
[SourceTitle "playchess.com"]
[Source "ChessBase"]
[SourceQuality "1"]

{[%evp 12,38,0,13,9,6,13,14,20,12,3,0,0,-25,-3,-2,0,-20,-12,-20,0,0,0,0,0,0,0,0,0]} 1. d4 d5 2. c4 e6 3. Nc3 Bb4 4. e3 Nf6 5. Nf3 O-O 6. Bd3 b6 7. O-O Ba6 {E52: Nimzo-Indian: Rubinstein: 4...0-0 5 Nf3 d5 6 Bd3 b6.} 8. cxd5 exd5 9. Bxa6 Nxa6 10. Qd3 {10.Bd2 is a critical line.} Qc8 11. Bd2 Qb7 {[#]} 12. Ne2 $146 ({Predecessor:} 12. a3 Be7 13. b4 c5 14. bxc5 bxc5 15. Rfb1 Qc8 16. dxc5 Nxc5 17. Nxd5 Nxd5 18. Qxd5 Bf6 19. Nd4 Rd8 {½-½ (19) Ozen,B (2302)-Erenberg,A (2399) Riga 2018}) 12... c5 13. Bxb4 {The position is equal.} Nxb4 14. Qf5 (14. Qb5 $5 {[%cal Rd4c5]}) 14... c4 15. Ne5 Qc8 16. Qxc8 Raxc8 17. Nc3 Rfd8 18. a3 Nc6 19. Nxc6 Rxc6 {An uneventful encounter.  Weighted Error Value: White=0.04/Black=0.04} 1/2-1/2

[Event "V Open Semana Santa Alicante 2021"]
[Site "Alicante"]
[Date "2021.04.04"]
[Round "9.4"]
[White "Movsziszian, Karen"]
[Black "Camacho Collados, Marcos"]
[Result "0-1"]
[WhiteElo "2471"]
[BlackElo "2400"]
[Annotator "TA"]
[PlyCount "88"]
[EventDate "2021.03.31"]
[EventType "swiss"]
[EventCountry "ESP"]
[SourceTitle "playchess.com"]
[Source "ChessBase"]
[SourceQuality "1"]

{[%evp 12,88,31,35,32,31,42,39,49,37,41,43,35,39,37,33,50,37,39,29,57,20,12,6,25,18,6,0,9,0,0,0,0,0,0,0,-22,-38,-53,-95,-77,-74,-70,-155,-124,-362,-328,-294,-113,-142,-49,-55,-47,-219,0,0,0,-51,-51,-51,-52,-50,-50,-50,-51,-69,-54,-276,-277,-277,-275,-568,-553,-847,-812,-654,-637,-6035,-658]} 1. g3 e5 2. c4 d6 3. Bg2 f5 4. Nc3 Nf6 5. d3 Be7 6. e4 Nc6 {6...fxe4 gains popularity.} 7. Nge2 fxe4 {A21: English Opening: 1...e5 2 Nc3.} 8. dxe4 Be6 9. Nd5 Qd7 {White is slightly better.} 10. O-O O-O 11. f3 Bd8 12. Be3 {[#]} Na5 $146 ({Predecessor:} 12... Ne7 13. Qd3 Nexd5 14. cxd5 Bh3 15. Bxh3 Qxh3 16. Qb5 b6 17. Nc3 Nh5 18. Qe2 Rf6 {1-0 (40) Kostic,V (2266)-Bukvic,M (2044) Belgrade 2018}) 13. Qd3 c5 14. Rfd1 Nxd5 15. cxd5 Bh3 16. Rf1 Bxg2 17. Kxg2 b5 18. b3 Bb6 19. Rab1 Rfc8 20. Qd2 b4 21. f4 c4 22. Bxb6 $1 (22. Qxb4 Bxe3 23. Qxa5 c3 $17) 22... c3 23. Qe3 axb6 24. fxe5 dxe5 25. Qxb6 Qg4 $1 {[%cal Rg4e2]} 26. Qe3 Nb7 $1 27. h3 ({White should play} 27. Ra1 $1 $15) 27... Qg6 $1 $17 28. Rf5 $2 (28. Ra1 $17 {was worth a try.}) 28... Rxa2 $19 29. Rbf1 Qa6 $2 (29... Re8 $19 {is more deadly. Threatens to win with ...Nd6.} 30. Qf3 Raa8) 30. R1f2 $17 Nd6 (30... h6 $17 31. Qf3 Nd6 32. Rxe5 Rxe2 $1 33. Qxe2 Qxe2 34. Rxe2 c2) 31. Rxe5 $15 {[#] Re7 is the strong threat.} Rxe2 $1 32. Rxe2 {[#]} (32. Qxe2 $15 Qxe2 33. Rxe2) 32... Qxe2+ $3 {[%mdl 512]} 33. Qxe2 $11 c2 $36 {[%mdl 2048] Black is more active.} 34. Qd2 ({Avoid the trap} 34. Re6 $2 c1=Q $1 $19) (34. Qa6 $11 c1=Q 35. Qxd6) 34... c1=Q $15 35. Qxc1 Rxc1 {[%mdl 4096] Endgame KRN-KR} 36. Re6 Nb5 {Hoping for ...Rc2+.} 37. Rb6 Nd4 38. Kf2 Nxb3 {White must now prevent ...Nc5.} 39. e5 $2 (39. Rxb4 $15 Rc3 40. e5) 39... Nc5 $19 40. e6 {[%cal Rb6b8]} Kf8 41. Ke3 $2 (41. d6 {was forced.} Nxe6 42. d7) 41... Rc4 {Black is clearly winning.} 42. Rc6 Ke7 43. Kf3 Rc3+ 44. Kg4 {[#]} Ne4 {Weighted Error Value: White=0.72/Black=0.13} (44... Nd7 $142 $1 {[%mdl 512]} 45. Kf4 (45. Ra6 Ra3) 45... Rxc6 46. dxc6 {[#]} b3 $1) 0-1